000 00415nam a22001697a 4500
003 SGT
020 _a9789354656637
082 _a616.068
_bM24G
100 _aGUPTA, SP.
245 _aMEDICAL EMERGENCIES IN GENERAL PRACTICE
250 _a10TH
260 _aINDIA
_bJAYPEE PUB
_c2024
300 _a445
650 _aEMERGENCY MEDICINE
653 _aMEDICAL EMERGENCIES IN GENERAL PRACTICE
942 _2ddc
_cBK
999 _c30650
_d30650